Statistics for Movie Character by Picture #4

Click here to take the quiz!

General Stats

  • This quiz has been taken 58 times
  • The average score is 8 of 16

Answer Stats

Answer% Correct
Ariel
84%
Snow White
82%
Deadpool
79%
Belle
75%
Mulan
71%
Robocop
68%
Draco Malfoy
59%
Ferris Bueller
55%
Norman Bates
41%
Will Hunting
36%
Jason Voorhees
29%
Cher
25%
Sharpay Evans
25%
Andy Dufresne
21%
Dionne
16%
Hazel Grace Lancaster
11%

Score Distribution

Percentile by Number Answered

Percent of People with Each Score

Your Score History

You have not taken this quiz